000 00704nam a2200289Ia 4500
005 20260324125738.0
008 008 260324s9999 xx 000 0 eng d
020 _a9780203888124
037 _aEBOOK
040 _aCRL
040 _beng
040 _cCRL
041 _2eng
041 _aeng
084 _qCRL
100 _aJoseph P. Forgas; Julie Fitness
_91179153
245 0 _aSocial Relationships
245 0 _bCognitive, Affective and Motivational Processes
260 _bTaylor and Francis
260 _c2008
365 _a
365 _b230
856 _uhttp://www.taylorfrancis.com/books/9780203888124
942 _cEBOOK
999 _c1774694
_d1774694